Nuevos ensayos sobre el entendimiento humano /
Leibniz argues chapter by chapter with John Locke's Essay Concerning Human Understanding, challenging his views about knowledge, personal identity, God, morality, mind and matter, nature versus nurture, logic and language, and a host of other topics.
Gardado en:
| Autor Principal: | |
|---|---|
| Outros autores: | , |
| Formato: | Electrónico eBook |
| Idioma: | Lingua castelá francés |
| Publicado: |
Tres Cantos, Madrid :
Akal,
[2017]
|
| Series: | Akal bolsillo ;
327. |
| Subjects: | |
| Acceso en liña: | Digitalia Hispánica |
| Tags: |
Engadir etiqueta
Sen Etiquetas, Sexa o primeiro en etiquetar este rexistro!
|
MARC
| LEADER | 00000nam a2200000Ii 4500 | ||
|---|---|---|---|
| 001 | DIGAKAL0402 | ||
| 003 | NyNyDIG | ||
| 006 | m o d | ||
| 008 | 190828t20172016sp o 000 0 spa d | ||
| 007 | cr ||||||||||| | ||
| 035 | |a (OCoLC)1119078978 | ||
| 040 | |a DGITA |b eng |e rda |e pn |c DGITA | ||
| 020 | |a 9788446045458 |q (eBook ; |q ePub) | ||
| 020 | |a 8446045451 |q (eBook ; |q ePub) | ||
| 020 | |z 9788446029984 | ||
| 020 | |z 8446029987 | ||
| 041 | 1 | |a spa |h fre | |
| 050 | 1 | 4 | |a B2581.S7 ebook |
| 082 | 0 | 4 | |a 121 |
| 100 | 1 | |a Leibniz, Gottfried Wilhelm, |c Freiherr von, |d 1646-1716, |e author. | |
| 240 | 1 | 0 | |a Nouveaux essais sur l'entendement humain. |l Spanish |s (Molina Martínez) |
| 245 | 1 | 0 | |a Nuevos ensayos sobre el entendimiento humano / |c G.W. Leibniz ; edición y traducción de Juan R. Goberna Falque ; revisión de Rubén Molina Martínez. |
| 264 | 1 | |a Tres Cantos, Madrid : |b Akal, |c [2017] | |
| 264 | 4 | |c ©2016 | |
| 300 | |a 1 online resource. | ||
| 336 | |a text |b txt |2 rdacontent | ||
| 337 | |a computer |b c |2 rdamedia | ||
| 338 | |a online resource |b cr |2 rdacarrier | ||
| 347 | |a text file |2 rdaft | ||
| 347 | |b EPUB | ||
| 490 | 1 | |a Akal/Básica de bolsillo ; |v 327 | |
| 520 | |a Leibniz argues chapter by chapter with John Locke's Essay Concerning Human Understanding, challenging his views about knowledge, personal identity, God, morality, mind and matter, nature versus nurture, logic and language, and a host of other topics. | ||
| 588 | 0 | |a Online resource; title from ePub title page (Digitalia, viewed September 2, 2019) | |
| 600 | 1 | 0 | |a Locke, John, |d 1632-1704. |t Essay concerning human understanding. |
| 650 | 0 | |a Knowledge, Theory of |v Early works to 1800. | |
| 655 | 0 | |a Electronic books. | |
| 700 | 1 | |a Goberna Falque, Juan R. |q (Juan Ramón), |d 1968- |e translator, |e editor. | |
| 700 | 1 | |a Molina Martínez, Rubén, |e translator. | |
| 700 | 1 | |i Translation of: |a Leibniz, Gottfried Wilhelm, |c Freiherr von, |d 1646-1716. |t Nouveaux essais sur l'entendement humain. | |
| 791 | 2 | |a Digitalia (Firm), |e distributor. | |
| 793 | 0 | |g Digitalia eBook Collection: |a Akal | |
| 776 | 0 | 8 | |i Print version: |a Leibniz, Gottfried Wilhelm, Freiherr von, 1646-1716. |s Nouveaux essais sur l'entendement humain. Spanish (Molina Martínez). |t Nuevos ensayos sobre el entendimiento humano. |d Tres Cantos, Madrid, España : Akal, 2016 |z 9788446029984 |
| 830 | 0 | |a Akal bolsillo ; |v 327. | |
| 856 | 4 | 0 | |3 Digitalia Hispánica |u https://digitalia.unach.elogim.com/a/50895/ |
| 910 | |a Premium collection: 2019 | ||